El dolor de Acteal : una revisión histórica, 1997-2014 /

Estudio que analiza los antecedentes, reacciones y situación de la matanza de 45 personas, entre quienes se contaban niños, mujeres y ancianos, ocurrido en Acteal, poblado del municipio de Chenalhó, Chiapas, el 22 de diciembre de 1997. La autora plantea sus hipótesis sobre los factores que incidiero...

Descrizione completa

Salvato in:
Dettagli Bibliografici
Autore principale: Uribe M., Mónica (autor)
Natura: Libro
Lingua:spagnolo
Pubblicazione: México : Eón, 2018, c2018
Serie:(Eón Sociales)
Soggetti:
Tags: Aggiungi Tag
Nessun Tag, puoi essere il primo ad aggiungerne!!

MARC

LEADER 00000nam^a2200000^a^4500
001 000415587
005 20250521000000.0
009 20260526144123.146
037 |a Acervo Xavier Clavigero 
041 |a ESP 
082 |a 320. 9720640  |b URI 
100 |a Uribe M., Mónica  |e (autor) 
245 1 3 |a El dolor de Acteal :  |b una revisión histórica, 1997-2014 /  |c M. Uribe M. 
264 4 |a México :  |b Eón,  |c 2018, c2018 
300 |a 284 p. 
336 |a texto  |b txt  |2 rdacontenido 
337 |a sin mediación  |b n  |2 rdamedio 
338 |a volumen  |b nc  |2 rdasoporte 
440 1 |a (Eón Sociales) 
520 |a Estudio que analiza los antecedentes, reacciones y situación de la matanza de 45 personas, entre quienes se contaban niños, mujeres y ancianos, ocurrido en Acteal, poblado del municipio de Chenalhó, Chiapas, el 22 de diciembre de 1997. La autora plantea sus hipótesis sobre los factores que incidieron en dicha matanza, después aborda la actuación del gobierno de Ernesto Zedillo frente a la masacre y el del gobierno de Chiapas, así como las posturas políticas de los gobiernos de Vicente Fox y Felipe Calderón y finaliza con el cierre del juicio seguido a Zedillo en Estados Unidos, donde en 2014 la justicia norteamericana lo declaró inocente. 
649 |a XX 
650 |a Indígenas de México -  |z Chiapas -  |x Condiciones Políticas 
650 |a Masacres -  |z Acteal, Chiapas -  |x Historia -  |y 1994-2000 
650 |a Masacres -  |z México -  |x Historia -  |y 1994-2000 
650 |a Paramilitares -  |z México -  |x Historia -  |y 1994-2000 
650 |a Fuerzas Armadas -  |z México -  |x Historia -  |y 1994-2000 
650 |a Guerra de Chiapas, 1994 -  |x Tema Principal 
650 |a Guerra de Baja Intensidad -  |z México -  |x Historia -  |y 1994-2000 
650 |a Represión -  |z Acteal, Chiapas -  |x Historia -  |y 1994-2000 
650 |a Represión -  |z México -  |x Historia -  |y 1994-2000 
650 |a Violencia Política -  |z Acteal, Chiapas -  |x Historia -  |y 1994-2000 
650 |a Violencia Política -  |z México -  |x Historia -  |y 1994-2000 
650 |a Justicia e Injusticia -  |z Acteal, Chiapas -  |x Historia -  |y 1994-2000 
650 |a Justicia e Injusticia -  |z México -  |x Historia -  |y 1994-2000 
650 |a Política -  |z Acteal, Chiapas -  |x Historia -  |y 1994-2000 
650 |a Política -  |z México -  |x Historia -  |y 1994-2000 -  |x Tema Principal 
650 |a Política -  |z México -  |x Historia -  |y Siglo XXI 
650 |a Acteal, Chiapas -  |x Condiciones Políticas 
650 |a San Pedro Chenalhó, Chiapas -  |x Condiciones Políticas 
650 |a México -  |x Condiciones Políticas 
910 |a Fondo General 
920 |a Impresos - Libros 
930 |a Colección General 
905 |a 101 
901 |a 0500325046  |b IT1  |c ACC  |i D6088  |u 20250521 
901 |a 0500325043  |b IT1  |c ACC  |i D6087  |u 20250521 
902 |a https://opac.biblio.iteso.mx/vufind/Record/000415587